| 000 | 00599nam a2200169Ia 4500 | ||
|---|---|---|---|
| 008 | 140609s9999 xx 000 0 und d | ||
| 020 | _a9717070695 | ||
| 050 |
_aHD 31 _b.Z94 1999 |
||
| 100 | _aZulueta, Francisco M. | ||
| 245 |
_aManagement : _btheories and practices / _cFrancisco M. Zulueta, Greg Melchor Castro de Lara, Abriel M. Nebres |
||
| 260 |
_aQuezon City, Philippines : _bAcademic Publishing Corporation, _cc1999. |
||
| 300 |
_a264 p. : _bill. ; _c23 cm. |
||
| 500 | _aIncludes bibliographical references, glossary and index. | ||
| 521 | _aBSBA | ||
| 942 |
_kLOC _cBK |
||
| 999 |
_c118105 _d118105 |
||